An epistemological analysis of selected big technology companies and fake news / (Record no. 23492)
[ view plain ]
| 000 -LEADER | |
|---|---|
| fixed length control field | 00581nam a22001697a 4500 |
| 003 - CONTROL NUMBER IDENTIFIER | |
| control field | AUA.1 |
| 005 - DATE AND TIME OF LATEST TRANSACTION | |
| control field | 20220615080449.0 |
| 008 - FIXED-LENGTH DATA ELEMENTS--GENERAL INFORMATION | |
| fixed length control field | 220615b ||||| |||| 00| 0 eng d |
| 040 ## - CATALOGING SOURCE | |
| Transcribing agency | JTL |
| 100 ## - MAIN ENTRY--PERSONAL NAME | |
| Personal name | Idowu, Samuel Oluwadetan |
| 245 ## - TITLE STATEMENT | |
| Title | An epistemological analysis of selected big technology companies and fake news / |
| Statement of responsibility, etc | Samuel Oluwadetan Idowu. |
| 300 ## - PHYSICAL DESCRIPTION | |
| Extent | vii, 58 leaves : |
| Other physical details | illustration ; |
| Dimensions | 28 cm. |
| 650 ## - SUBJECT ADDED ENTRY--TOPICAL TERM | |
| Topical term or geographic name as entry element | Disinformation |
| 650 ## - SUBJECT ADDED ENTRY--TOPICAL TERM | |
| Topical term or geographic name as entry element | Fake news |
| General subdivision | Big tech companies |
| 650 ## - SUBJECT ADDED ENTRY--TOPICAL TERM | |
| Topical term or geographic name as entry element | Internet of things (IoT) |
| 942 ## - ADDED ENTRY ELEMENTS (KOHA) | |
| Source of classification or shelving scheme | AUA Inhouse Classification |
| Koha item type | Thesis |
| Classification part | MSc ACS |
| Item part | .I46 2020 |
| Withdrawn status | Lost status | Source of classification or shelving scheme | Damaged status | Not for loan | Collection code | Home library | Current library | Shelving location | Date acquired | Source of acquisition | Cost, normal purchase price | Serial Enumeration / chronology | Full call number | Barcode | Date last seen | Cost, replacement price | Price effective from | Koha item type |
|---|---|---|---|---|---|---|---|---|---|---|---|---|---|---|---|---|---|---|
| AUA Inhouse Classification | JTL Research Collection | Judith Thomas Library | Judith Thomas Library | Judith Thomas Library Research Section | 15/06/2022 | AUA Research Department | 15.00 | AUA25870 | MSc ACS .I46 2020 | AUA25870 | 15/06/2022 | 15.00 | 15/06/2022 | Thesis |